| 000 | 00454nam a22001817a 4500 | ||
|---|---|---|---|
| 003 | MPLRDC | ||
| 005 | 20220104123806.0 | ||
| 008 | 210129b ||||| |||| 00| 0 eng d | ||
| 082 | _a426.2 CPL v.1 | ||
| 100 | _a蔡佩伦编著 | ||
| 245 |
_a新编织基础与花样 _c |
||
| 250 | _a初版 | ||
| 260 |
_a _b福利文化事业有限公司 _c1988 |
||
| 300 | _b平 | ||
| 490 | _a新女性全书 | ||
| 650 | _a家庭工艺 | ||
| 942 |
_cBK _o426.2 CPL v.1 |
||
| 999 |
_c14233 _d14223 |
||